Výsledky zkoušek lan vhodných pro visuté a zavěšené konstrukce

Bibliographic Details
Main Author: Rosenkranz, B. (Author)
Format: Article
Language:Czech
PhysicalDescription:Tb. 2., lit. 8 zázn. v češ., ruš., nem.
Subjects:

MARC

LEADER 00000nab a2200000 a 4500
001 vtls000198175
003 SK-MaSNL
005 20260302204924.0
008 160204c1984 xo 0 cze
015 |a SNBRA19rr/mm-uuuuu 
035 |a CL0208288 
040 |a SNKBUCL  |b slo  |c SNKBUCL  |e AACR2 
041 0 |a cze 
044 |a xo  |c SK 
080 |a 624.071.22:620.178.3  |2 1981 
080 |a 620.178.3  |2 1981 
100 1 |a Rosenkranz, B.  |4 aut  |9 930034 
245 1 0 |a Výsledky zkoušek lan vhodných pro visuté a zavěšené konstrukce  |c B. Rosenkranz 
300 |b Tb. 2., lit. 8 zázn. v češ., ruš., nem. 
650 0 7 |a konštrukcie visuté  |2 snkbucl  |9 930016 
650 0 7 |a konštrukcie zavesené  |2 snkbucl  |9 930017 
650 0 7 |a laná  |2 snkbucl  |9 303655 
650 0 7 |a skúšky únavové  |2 snkbucl  |9 930035 
655 7 |a články zo zborníkov  |2 snkbucl  |9 166140 
773 0 |t Visuté a zavesené konštrukcie  |d Bratislava : Dom techniky ČSVTS, 1984  |g S. 60-64 
850 |a Slovenská národná knižnica v Martine  |a MTA001 
852 |a SNK  |b KIS3GCP 
958 |a NB 
958 |a RK 
958 |a CZ 
992 |a RZB 
999 |c 1475655  |d 1477585